000 00475nam a2200181Ia 4500
005 20240823031007.0
008 240823s9999||||xx |||||||||||||| ||und||
041 _aENGLISH
082 _A621 P9
100 _aSSK Publishers
245 0 _a"All in One Solved Model Question Papers Mechanical, Civil, Chemical & Biotech"
250 _a1st
260 _c2009
_bSSK Publi
500 _aTRANSFERED
650 _aSolved Question
_bMechanical
942 _cBK
999 _c190022
_d190022